000 00375nam a2200145Ia 4500
005 20250729165749.0
008 250729s2011 xx 000 0 und d
041 _aeng
082 _a370.15 SUNE
100 _aDr.Suneetha C N
_9232407
245 _aEducational Psychology
260 _aMysore
_bShruthiloka Prakashana
_c2011
300 _a430p
650 _aPsychology
_9232408
999 _c239767
_d239767